000 00595nab#a2200217#c#4500
999 _c87616
_d87616
003 IEF
005 20191205185054.0
008 950704s1975 uuu|| #####0 b| |u
040 _aIEF
_cES-MaIEF
100 1 _aLindahl, Erik Robert
_925996
245 _aImposición justa
_buna solución positiva
_c Erik Lindahl
260 _c1975
500 _aBibliografía
650 4 _aIMPUESTOS
_947460
650 4 _aDERECHO TRIBUTARIO
_942375
650 4 _aJUSTICIA TRIBUTARIA
_947555
773 0 _tHacienda pública española
_w34570
_g36, p. 307-313
942 _2udc
942 _2udc